000 00720nam a2200265Ia 4500
005 20260121170520.0
008 008 260114s9999 xx 000 0 eng d
020 _a9783319752112
037 _aEBOOK
040 _aCRL
040 _beng
040 _cCRL
041 _2eng
041 _aeng
084 _qCRL
100 _aMartina Eckardt, Jörg Dötsch, Stefan Okruch
_91064829
245 0 _aOld-Age Provision and Homeownership – Fiscal Incentives and Other Public Policy Options
260 _bSpringer
260 _bSpringer
260 _c2018
856 _uhttps://link.springer.com/openurl?genre=book&isbn=978-3-319-75211-2
942 _cEBOOK
999 _c1630559
_d1630559